000 00423nam a2200145Ia 4500
008 100122s9999 xx 000 0 und d
082 _b44776
_a500
100 _aसोहनी गुरूदत्त
245 _aगणकयंत्र
260 _bपुरंदरे प्रकाशन
_c1990
300 _a47
630 _aगणकयंत्र
730 _aगणकयंत्र
942 _cBOOK
999 _c424435
_d424432